01493nam a2200241 i 4500001000300000245038000003260004600383300002800429490015300457500005200610650002700662650003500689650002600724700003400750710007600784710007400860830014200934040000801076041001101084080001701095008004101112856009801153bg10aPrace Instytutu Technologii Maszyn i Automatyzacji oraz przygotowane na posiedzenie Sekcji w Zakładach Mahle Krotoszyn S.A. :bposiedzenie sekcji w Krotoszynie, 29-30 marca 2001 roku /c[kom. nauk. Bogusław Dembiński et al.] ; Polska Akademia Nauk. Komitet Budowy Maszyn. Sekcja Podstaw Technologii, Instytut Technologii Maszyn i Automatyzacji Politechniki Wrocławskiej. aWrocław :bOficyna Wydawnicza PW,c2001. a104 s. :bil. ;c24 cm.1 aScientific Papers of the Institute of Mechaniczal Engineering and Automation of the Wrocław University of Technology. Conferences,x0867-7778 ;v37 aNr serii gł.: 79. - Streszcz. ang. po pracach. 9aProdukcjaxzagadnienia 9aSilniki spalinowexzagadnienia 9aCylindryxzagadnienia1 aDEMBIŃSKI, Bogusław.eRed. 0aPolska Akademia NaukbKomitet Budowy MaszynbSekcja Podstaw Technologii aPolitechnika WrocławskabInstytut Technologii Maszyn i Automatyzacji 0aScientific Papers of the Institute of Mechaniczal Engineering and Automation of the Wrocław University of Technology.pConferences ;v37 cBPK0 aplben a658.5:621.43 s pl f |000 0 pol  uhttp://koha.tu.koszalin.pl/cgi-bin/koha/opac-detail.pl?biblionumber=40623yKatalog online BPK